Advances in inorganic chemistry Vol. 37

Gespeichert in:
Bibliographische Detailangaben
Weitere Verfasser: Sykes, A.G
Format: Buch
Sprache:Englisch
Veröffentlicht: San Diego Academic Press 1991
Ausgabe:1. ed.
Schlagworte:
Online-Zugang:Im OPAC anzeigen
Tags: Tag hinzufügen
Keine Tags, Fügen Sie das erste Tag hinzu!

MARC

LEADER 00000nam a2200000 a 4500
005 20260127133939.0
008 090506 1991 xxu 000 0 eng d
020 |a 0120236370 
035 |a vtls009505551 
039 9 |y 200905060828  |z mschk03 
040 |a STUSCHK1  |b slo  |c STUSCHK1  |e AACR2 
080 |a 546(082) 
245 1 |a Advances in inorganic chemistry  |n Vol. 37  |c edited by A.G. Sykes 
250 |a 1. ed. 
260 |a San Diego  |b Academic Press  |c 1991 
300 |a vi, 411 s.  |b il.  |c 23,5 cm 
650 0 |a anorganická chémia 
650 0 |a sborníky 
700 1 |a Sykes, A.G. 
910 |a SCHK95 
919 |a 0-12-023637-0 
999 |c 640  |d 640